000 00619nam a22002177a 4500
003 OSt
005 20140310182942.0
008 130204t xxu||||| |||| 00| 0 eng d
020 _a9715062571
050 _aPN 4121
_bV715 2003
082 _aFIL 302.2242
_bv71 2003
245 _aFunctional oral communication
_cVillamarzo,Perla C., Josephine G. Relis, Estrella E. Cruz
260 _a[Manila]
_bUniversity of Santo Tomas Pub. House
_cc2003
300 _a183 p.
_bill.
_c23 cm
521 _aCollege
526 _c1210L-1700L
541 _j1
541 _j2
562 _e2
942 _2lcc
_cBK
_kFIL
999 _c17743
_d17743